[Event "USA-ch (Women)"]
[Site "Seattle"]
[Date "2000.09.26"]
[Round "2"]
[White "Frenklakh, Jennie"]
[Black "Airapetian, SH."]
[Result "1-0"]
[WhiteElo "2133"]
[BlackElo "2072"]
[PlyCount "99"]
[EventDate "2000.09.25"]
[EventType "tourn"]
[EventRounds "9"]
[EventCountry "USA"]
[SourceTitle "CBM 078 Extra"]
[Source "ChessBase"]
[SourceDate "2000.11.10"]
[SourceVersion "1"]
[SourceVersionDate "2000.11.10"]
[SourceQuality "1"]

1. d4 d5 2. Nf3 e6 3. Bf4 Bd6 4. Bg3 Nf6 5. e3 0-0 6. c4 c5 7. Nc3 Nc6 8. dxc5 Bxc5 9. Be2 Bb4 10. Bh4 dxc4 11. Qxd8 Rxd8 12. Bxc4 a6 13. 0-0 b5 14. Be2 Be7 15. Rfd1 Bb7 16. Nd2 Ne5 17. Nb3 b4 18. Na4 Bc6 19. Nb6 Rab8 20. Nc4 Nxc4 21. Bxc4 Bb5 22. Rxd8+ Bxd8 23. Bxb5 Rxb5 24. Rc1 Kf8 25. Rc8 Rd5 26. Kf1 Ke8 27. Ke2 a5 28. f3 a4 29. Nc5 a3 30. bxa3 bxa3 31. Nb7 g5 32. e4 Rd7 33. Bxg5 Rxb7 34. Bxf6 Rd7 35. Rxd8+ Rxd8 36. Bxd8 Kxd8 37. Kd3 Kc7 38. Kc3 Kd6 39. Kb3 f5 40. exf5 exf5 41. Kxa3 h5 42. Kb4 h4 43. a4 Ke5 44. a5 Kf4 45. a6 Ke3 46. a7 Kf2 47. a8Q Kxg2 48. f4+ Kxh2 49. Qf3 h3 50. Kc4 1-0

[Event "Pan American-ch U20 Girls"]
[Site "Macas"]
[Date "2000.07.09"]
[Round "6"]
[White "Frenklakh, Jennie"]
[Black "Moncayo Romero, Evelyn"]
[Result "0-1"]
[WhiteElo "2133"]
[BlackElo "2135"]
[PlyCount "130"]
[EventDate "2000.07.04"]
[EventType "tourn"]
[EventRounds "11"]
[EventCountry "ECU"]
[SourceTitle "EXT 2001"]
[Source "ChessBase"]
[SourceDate "2000.11.22"]
[SourceVersion "1"]
[SourceVersionDate "2000.11.22"]
[SourceQuality "1"]

1. d4 Nf6 2. Nf3 e6 3. Bf4 c5 4. e3 Be7 5. c3 cxd4 6. exd4 0-0 7. Nbd2 d6 8. h3 Re8 9. Be2 Nc6 10. 0-0 h6 11. Re1 Bf8 12. Bf1 b6 13. Qa4 Bb7 14. Rad1 a6 15. Qb3 Rc8 16. a4 Na5 17. Qa2 Qd7 18. Bh2 Bd5 19. c4 Bb7 20. b4 Nc6 21. Qb3 a5 22. b5 Nb4 23. Qb2 Qd8 24. Rc1 g6 25. Red1 Bg7 26. Qb1 Qe7 27. Be2 Red8 28. Nb3 Be4 29. Qb2 g5 30. Ne1 Qb7 31. f3 Bg6 32. Nd3 Nxd3 33. Bxd3 Bxd3 34. Rxd3 Qe7 35. Qd2 Nd7 36. Bg3 e5 37. c5 dxc5 38. dxc5 Nxc5 39. Nxc5 bxc5 40. Rxd8+ Rxd8 41. Qxa5 Rc8 42. Qa6 Qd7 43. b6 Qc6 44. Rb1 c4 45. Qa7 Bf8 46. Kh1 Bd6 47. b7 Rb8 48. Qb6 Qd5 49. a5 c3 50. a6 c2 51. a7 cxb1Q+ 52. Qxb1 Qa5 53. axb8Q+ Bxb8 54. Qf5 Kg7 55. Qc8 Qa1+ 56. Kh2 Ba7 57. h4 Qg1+ 58. Kh3 Qh1+ 59. Kg4 Qxg2 60. h5 Bf2 61. Qh8+ Kxh8 62. b8Q+ Kh7 63. Qxe5 Qxg3+ 64. Qxg3 Bxg3 65. Kxg3 Kg7 0-1

[Event "USA-ch (Women)"]
[Site "Salt Lake City"]
[Date "1999.08.31"]
[Round "9"]
[White "Burtman, Sharon"]
[Black "Frenklakh, Jennie"]
[Result "0-1"]
[WhiteElo "2104"]
[BlackElo "2137"]
[PlyCount "82"]
[EventDate "1999.08.05"]
[EventType "tourn"]
[EventRounds "9"]
[EventCountry "USA"]
[SourceTitle "CBM 073 Extra"]
[Source "ChessBase"]
[SourceDate "2000.01.11"]
[SourceVersion "1"]
[SourceVersionDate "2000.01.11"]
[SourceQuality "1"]

1. d4 d5 2. c4 e6 3. g3 c6 4. Bg2 Nd7 5. Qc2 Ngf6 6. Nf3 Be7 7. 0-0 0-0 8. Nbd2 b6 9. e4 Bb7 10. b3 Rc8 11. Bb2 c5 12. e5 Ne8 13. dxc5 Bxc5 14. Rfd1 Qe7 15. Rac1 Nc7 16. Qb1 Rfd8 17. cxd5 Nxd5 18. Ne4 h6 19. h4 a5 20. Bf1 Nb4 21. Nfd2 Ba8 22. Bg2 b5 23. a3 Nd5 24. Qa1 b4 25. Nc4 bxa3 26. Nxa3 Rb8 27. Nc4 Rxb3 28. Nxa5 Rb5 29. Nc4 Rdb8 30. Nxc5 Nxc5 31. Ba3 Qa7 32. Nd6 Ra5 33. Nc4 Nb3 34. Qb1 Nxc1 35. Qxc1 Rc8 36. Bd6 Ra4 37. Bf1 Nb6 38. Bc5 Qb7 39. f3 Qxf3 40. Qe3 Qxe3+ 41. Bxe3 Nxc4 0-1

[Event "USA-ch (Women)"]
[Site "Salt Lake City"]
[Date "1999.08.30"]
[Round "8"]
[White "Frenklakh, Jennie"]
[Black "Belakovskaia, Anjelina"]
[Result "1/2-1/2"]
[WhiteElo "2137"]
[BlackElo "2255"]
[PlyCount "47"]
[EventDate "1999.08.05"]
[EventType "tourn"]
[EventRounds "9"]
[EventCountry "USA"]
[SourceTitle "CBM 073 Extra"]
[Source "ChessBase"]
[SourceDate "2000.01.11"]
[SourceVersion "1"]
[SourceVersionDate "2000.01.11"]
[SourceQuality "1"]

1. d4 d5 2. c4 c6 3. cxd5 cxd5 4. Nc3 Nf6 5. Bf4 Nc6 6. e3 a6 7. Bd3 Bg4 8. f3 Bd7 9. Bg5 e6 10. f4 Na5 11. Nf3 Nc4 12. Bxc4 dxc4 13. Ne5 Rc8 14. 0-0 Be7 15. Bxf6 Bxf6 16. Ne4 Bc6 17. Nxc6 Rxc6 18. f5 exf5 19. Rxf5 g6 20. Nxf6+ Rxf6 21. Rxf6 Qxf6 22. Qf3 Qxf3 23. gxf3 Ke7 24. Kf2 1/2-1/2

[Event "USA-ch (Women)"]
[Site "Denver"]
[Date "1998.11.02"]
[Round "3"]
[White "Zitserman, Tatyana"]
[Black "Frenklakh, Jennie"]
[Result "0-1"]
[WhiteElo "2060"]
[BlackElo "2110"]
[PlyCount "64"]
[EventDate "1998.10.31"]
[EventType "tourn"]
[EventRounds "11"]
[EventCountry "USA"]
[SourceTitle "CBM 067 Extra"]
[Source "ChessBase"]
[SourceDate "1999.01.01"]
[SourceVersion "1"]
[SourceVersionDate "1999.01.01"]
[SourceQuality "1"]

1. c4 e5 2. Nc3 Bb4 3. Nf3 Bxc3 4. dxc3 Nc6 5. g3 d6 6. Bg2 Nge7 7. 0-0 0-0 8. b3 h6 9. h3 Be6 10. Kh2 f5 11. Ne1 Qe8 12. e3 e4 13. f3 Qh5 14. Qc2 Ne5 15. f4 Nd7 16. Ba3 b6 17. Qd1 Qxd1 18. Rxd1 a5 19. Nc2 Nc5 20. Bxc5 bxc5 21. Rfe1 a4 22. Ra1 Rfb8 23. b4 Bxc4 24. a3 Nd5 25. Rac1 Bd3 26. Na1 Nb6 27. Bf1 Nc4 28. Nc2 Nd2 29. Bxd3 exd3 30. Red1 Nb3 31. Na1 Nxc1 32. Rxc1 c4 0-1

[Event "San Francisco Universe op-A"]
[Site "San Francisco"]
[Date "1998.??.??"]
[Round "?"]
[White "Pruess, David"]
[Black "Frenklakh, Jennie"]
[Result "1/2-1/2"]
[WhiteElo "2220"]
[BlackElo "2133"]
[PlyCount "54"]
[EventDate "1998.07.03"]
[EventType "swiss"]
[EventRounds "6"]
[EventCountry "USA"]
[SourceTitle "EXT 2024"]
[Source "ChessBase"]
[SourceDate "2023.10.10"]
[SourceVersion "1"]
[SourceVersionDate "2023.10.10"]
[SourceQuality "1"]

1. e4 c6 2. d4 d5 3. Nc3 dxe4 4. Nxe4 Bf5 5. Ng3 Bg6 6. Bc4 e6 7. N1e2 Bd6 8. Nf4 Qc7 9. Qf3 Nf6 10. 0-0 Bxc2 11. Bxe6 0-0 12. Bf5 Bxf5 13. Nxf5 Nbd7 14. Qg3 Nh5 15. Qg5 Bxf4 16. Qxh5 Bxc1 17. Raxc1 Qf4 18. Rc3 g6 19. Ne7+ Kg7 20. Rf3 Qxd4 21. Nf5+ gxf5 22. Qxf5 Nb6 23. Rf4 Qxb2 24. Rh4 h6 25. Qg4+ Kh7 26. Qf5+ Kg7 27. Qg4+ Kh7 1/2-1/2

[Event "Wch U20 Girls"]
[Site "Zagan"]
[Date "1997.07.27"]
[Round "13"]
[White "Frenklakh, Jennie"]
[Black "Jaracz, Barbara"]
[Result "1/2-1/2"]
[WhiteElo "2135"]
[BlackElo "2235"]
[PlyCount "61"]
[EventDate "1997.07.14"]
[EventType "swiss"]
[EventRounds "13"]
[EventCountry "POL"]
[SourceTitle "CBM 059 Extra"]
[Source "ChessBase"]
[SourceDate "1997.09.26"]
[SourceVersion "1"]
[SourceVersionDate "1997.09.26"]
[SourceQuality "1"]

1. e4 e5 2. Nf3 Nc6 3. Bc4 Bc5 4. d3 Nf6 5. Be3 Bb6 6. Nc3 d6 7. h3 Be6 8. Bb3 Ne7 9. 0-0 Qd7 10. Ng5 Bxb3 11. axb3 h6 12. Nf3 0-0 13. Qd2 Ng6 14. d4 exd4 15. Nxd4 Rfe8 16. f3 d5 17. Nf5 Bxe3+ 18. Qxe3 Qxf5 19. exf5 Rxe3 20. fxg6 fxg6 21. Rfd1 c6 22. b4 a6 23. b5 Rb8 24. bxc6 bxc6 25. Rxa6 Rxb2 26. Rxc6 d4 27. Rxd4 Rxc2 28. Rdc4 Re1+ 29. Kh2 Rec1 30. Rc8+ Kh7 31. R4c7 1/2-1/2

[Event "Wch U20 Girls"]
[Site "Zagan"]
[Date "1997.07.15"]
[Round "2"]
[White "Frenklakh, Jennie"]
[Black "Medvegy, Nora"]
[Result "0-1"]
[WhiteElo "2135"]
[BlackElo "2275"]
[PlyCount "94"]
[EventDate "1997.07.14"]
[EventType "swiss"]
[EventRounds "13"]
[EventCountry "POL"]
[SourceTitle "CBM 059 Extra"]
[Source "ChessBase"]
[SourceDate "1997.09.26"]
[SourceVersion "1"]
[SourceVersionDate "1997.09.26"]
[SourceQuality "1"]

1. d4 Nf6 2. Nf3 e6 3. Bf4 c5 4. e3 b6 5. Nbd2 Bb7 6. Bd3 Be7 7. 0-0 0-0 8. h3 d6 9. Bh2 Nbd7 10. Qe2 Re8 11. c3 cxd4 12. cxd4 a6 13. Rfc1 Nd5 14. a3 b5 15. e4 N5b6 16. Rc2 Rc8 17. Rac1 Rxc2 18. Rxc2 Nf8 19. Nb3 Qd7 20. Qe3 Rc8 21. Qc1 Rxc2 22. Qxc2 Bd8 23. Nfd2 Na4 24. Nc1 Ng6 25. Ne2 e5 26. b3 Nb6 27. d5 f5 28. f3 f4 29. Kf1 Qe7 30. Nb1 Qg5 31. Nec3 Nh4 32. Qe2 Nd7 33. Bg1 Nf6 34. Bh2 Bb6 35. Nd2 Nh5 36. Ndb1 Ng3+ 37. Bxg3 Qxg3 38. Nd1 Qh2 39. Ke1 Nxg2+ 40. Kd2 Qxh3 41. Bxb5 axb5 42. Qxb5 Be3+ 43. Kc2 Qc8+ 44. Kb2 Bd4+ 45. Ndc3 Ne3 46. Qe2 Ba6 47. Qd2 h5 0-1

[Event "Hawaii op"]
[Site "Honolulu"]
[Date "1997.??.??"]
[Round "?"]
[White "Au, Leslie"]
[Black "Frenklakh, Jennie"]
[Result "1-0"]
[WhiteElo "2270"]
[BlackElo "2120"]
[PlyCount "45"]
[EventDate "1997.04.??"]
[EventType "swiss"]
[EventRounds "11"]
[EventCountry "USA"]
[SourceTitle "EXT 1998"]
[Source "ChessBase"]
[SourceDate "1997.11.17"]
[SourceVersion "1"]
[SourceVersionDate "1997.11.17"]
[SourceQuality "1"]

1. e4 c6 2. d4 d5 3. Nc3 dxe4 4. Nxe4 Nf6 5. Ng5 h6 6. N5f3 Bf5 7. Ne5 e6 8. Ngf3 Bd6 9. Bd3 Bxd3 10. Qxd3 Nbd7 11. Bd2 Qc7 12. Qe2 c5 13. 0-0-0 cxd4 14. Nxd7 Nxd7 15. Nxd4 Be5 16. Nb5 Qc5 17. Be3 Qc6 18. f4 Bb8 19. Qd3 a6 20. Nd4 Qc7 21. Nxe6 fxe6 22. Qg6+ Kf8 23. Qxe6 1-0

[Event "USA-ch (Women)"]
[Site "Chandler"]
[Date "1997.??.??"]
[Round "3"]
[White "Epstein, Esther"]
[Black "Frenklakh, Jennie"]
[Result "1-0"]
[WhiteElo "2210"]
[BlackElo "2135"]
[PlyCount "35"]
[EventDate "1997.??.??"]
[EventType "tourn"]
[EventRounds "9"]
[EventCountry "USA"]
[SourceTitle "EXT 1999"]
[Source "ChessBase"]
[SourceDate "1998.11.16"]
[SourceVersion "1"]
[SourceVersionDate "1998.11.16"]
[SourceQuality "1"]

1. e4 c6 2. d4 d5 3. e5 Bf5 4. h4 h5 5. c4 e6 6. Nc3 Nd7 7. cxd5 cxd5 8. Bg5 Qa5 9. Bb5 Bb4 10. Bxd7+ Kxd7 11. Nge2 Ne7 12. 0-0 Nc6 13. Ng3 Bxc3 14. bxc3 Qxc3 15. Nxf5 exf5 16. Qb1 Ke8 17. Qxb7 Rb8 18. Qc7 1-0

[Event "San Francisco Universe op-A"]
[Site "San Francisco"]
[Date "1997.??.??"]
[Round "?"]
[White "Frenklakh, Jennie"]
[Black "Baja, Victor"]
[Result "0-1"]
[WhiteElo "2105"]
[BlackElo "2260"]
[PlyCount "96"]
[EventDate "1997.07.21"]
[EventType "swiss"]
[EventRounds "6"]
[EventCountry "USA"]
[SourceTitle "EXT 2024"]
[Source "ChessBase"]
[SourceDate "2023.10.10"]
[SourceVersion "1"]
[SourceVersionDate "2023.10.10"]
[SourceQuality "1"]

1. d4 Nf6 2. Nf3 c5 3. e3 g6 4. Bd3 Bg7 5. c3 d6 6. Nbd2 0-0 7. 0-0 Nc6 8. b3 Rb8 9. Bb2 e5 10. dxe5 dxe5 11. Ne4 b6 12. Qe2 Ne8 13. Rad1 Qc7 14. Bc4 h6 15. Ng3 Kh7 16. e4 Nd8 17. Bd5 Ne6 18. Bxe6 Bxe6 19. c4 Bc8 20. Rd2 Qe7 21. Rfd1 Nc7 22. Nf1 Ne6 23. Ne3 Nd4 24. Bxd4 cxd4 25. Nd5 Qd6 26. Ne1 f5 27. f3 h5 28. Nd3 fxe4 29. Qxe4 Bf5 30. Qe2 Rbe8 31. Nf2 Bh6 32. Ne4 Bxe4 33. Qxe4 Bxd2 34. Rxd2 Qd7 35. Re2 Qf5 36. h3 Rf7 37. Kf1 Qxe4 38. Rxe4 g5 39. Ke2 Kg6 40. Kd3 h4 41. a3 Kf5 42. b4 Rd8 43. a4 Rfd7 44. Re2 Rc8 45. b5 Rb7 46. Rc2 Rg7 47. Re2 Rd7 48. Rd2 Rxd5 0-1

[Event "USA-ch (Women)"]
[Site "Chandler"]
[Date "1997.??.??"]
[Round "8"]
[White "Frenklakh, Jennie"]
[Black "Burtman, Sharon"]
[Result "0-1"]
[WhiteElo "2135"]
[BlackElo "2060"]
[PlyCount "79"]
[EventDate "1997.??.??"]
[EventType "tourn"]
[EventRounds "9"]
[EventCountry "USA"]
[SourceTitle "EXT 1999"]
[Source "ChessBase"]
[SourceDate "1998.11.16"]
[SourceVersion "1"]
[SourceVersionDate "1998.11.16"]
[SourceQuality "1"]

1. d4 f5 2. Nc3 Nf6 3. Bg5 e6 4. e4 fxe4 5. Nxe4 Be7 6. Bxf6 Bxf6 7. Nf3 Nc6 8. c3 Qe7 9. Bd3 d6 10. Qc2 Bd7 11. 0-0-0 0-0-0 12. Rhe1 g6 13. Kb1 Rhe8 14. Qb3 Qg7 15. Qa3 Kb8 16. Bf1 g5 17. h3 h5 18. Qb3 Ka8 19. Nfd2 g4 20. hxg4 hxg4 21. Ka1 Be7 22. f4 gxf3 23. Nxf3 Bf6 24. Bd3 Rh8 25. Rg1 e5 26. d5 Ne7 27. c4 Bg4 28. c5 dxc5 29. Nxc5 Bc8 30. Be4 Rd6 31. Rc1 Ng6 32. Nd2 Bg5 33. Rc2 Rb6 34. Qg3 Qh6 35. Nf3 Be7 36. Rgc1 Nf4 37. Na4 Bd6 38. Nxb6+ axb6 39. Nd2 Ne2 40. Qe1 0-1

[Event "USA-ch (Women)"]
[Site "Chandler"]
[Date "1997.??.??"]
[Round "9"]
[White "Frenklakh, Jennie"]
[Black "Shahade, Jennifer"]
[Result "1/2-1/2"]
[WhiteElo "2120"]
[BlackElo "2085"]
[PlyCount "44"]
[EventDate "1997.??.??"]
[EventType "tourn"]
[EventRounds "9"]
[EventCountry "USA"]
[SourceTitle "EXT 1999"]
[Source "ChessBase"]
[SourceDate "1998.11.16"]
[SourceVersion "1"]
[SourceVersionDate "1998.11.16"]
[SourceQuality "1"]

1. e4 d5 2. exd5 Nf6 3. d4 Bg4 4. Be2 Bxe2 5. Qxe2 Qxd5 6. Nf3 e6 7. 0-0 Be7 8. c4 Qf5 9. Nc3 0-0 10. d5 Bc5 11. dxe6 Nc6 12. Na4 Nd4 13. Nxd4 Bxd4 14. Rd1 c5 15. Be3 Qxe6 16. Qd3 Bxe3 17. Qxe3 Qxe3 18. fxe3 b6 19. h3 Rad8 20. Nc3 Rfe8 21. Kf2 Kf8 22. b3 Ke7 1/2-1/2

[Event "USA-ch (Women)"]
[Site "Chandler"]
[Date "1997.??.??"]
[Round "2"]
[White "Frenklakh, Jennie"]
[Black "Zitserman, Tatyana"]
[Result "1-0"]
[WhiteElo "2135"]
[BlackElo "2125"]
[PlyCount "79"]
[EventDate "1997.??.??"]
[EventType "tourn"]
[EventRounds "9"]
[EventCountry "USA"]
[SourceTitle "EXT 1999"]
[Source "ChessBase"]
[SourceDate "1998.11.16"]
[SourceVersion "1"]
[SourceVersionDate "1998.11.16"]
[SourceQuality "1"]

1. e4 c5 2. Nc3 Nc6 3. g3 g6 4. Bg2 Bg7 5. d3 e6 6. Be3 d6 7. f4 Nge7 8. Nf3 Nd4 9. 0-0 Nec6 10. Qd2 0-0 11. Ne1 Rb8 12. Nd1 Nb5 13. c3 Bd7 14. Nf3 b6 15. d4 Na5 16. b3 Rc8 17. c4 Nxd4 18. Nxd4 cxd4 19. Bxd4 Bxd4+ 20. Qxd4 Qc7 21. Ne3 Qc5 22. Rad1 Rfd8 23. Qd2 Nc6 24. Kh1 Be8 25. f5 Ne5 26. f6 Bc6 27. b4 Nxc4 28. Nxc4 Qh5 29. Nxd6 g5 30. e5 Bxg2+ 31. Qxg2 Rc7 32. Rc1 Rcd7 33. Rc2 g4 34. Qe4 Qg5 35. Rfc1 h5 36. Rc8 h4 37. Rxd8+ Rxd8 38. Rc4 Kf8 39. Qxg4 Qh6 40. Qxh4 1-0

[Event "USA-ch (Women)"]
[Site "Chandler"]
[Date "1997.??.??"]
[Round "7"]
[White "Jezierska, Ivona"]
[Black "Frenklakh, Jennie"]
[Result "1-0"]
[WhiteElo "2085"]
[BlackElo "2135"]
[PlyCount "105"]
[EventDate "1997.??.??"]
[EventType "tourn"]
[EventRounds "9"]
[EventCountry "USA"]
[SourceTitle "EXT 1999"]
[Source "ChessBase"]
[SourceDate "1998.11.16"]
[SourceVersion "1"]
[SourceVersionDate "1998.11.16"]
[SourceQuality "1"]

1. Nf3 d5 2. g3 Nf6 3. Bg2 Bf5 4. d3 e6 5. Nbd2 Be7 6. 0-0 c5 7. c3 Nc6 8. Re1 h6 9. Nh4 Bh7 10. e4 dxe4 11. dxe4 g5 12. e5 Nd7 13. Nhf3 g4 14. Nc4 gxf3 15. Qxf3 Nb6 16. Nd6+ Bxd6 17. exd6 Qxd6 18. Qf6 Rg8 19. Qxh6 Bf5 20. Bg5 Nd7 21. Rad1 Qf8 22. Qh5 Qg7 23. h4 Qh7 24. Qe2 f6 25. Bf4 e5 26. Qb5 Rb8 27. a4 a6 28. Qc4 Qf7 29. Bd5 Qg7 30. Bxg8 Ne7 31. Be6 Nb6 32. Qxc5 Bxe6 33. Qxb6 Bg4 34. Qd6 Rc8 35. Rd2 exf4 36. Qxf4 Kf8 37. Qd6 Re8 38. Rd4 Bf3 39. Rf4 Bc6 40. Rxf6+ Kg8 41. Re5 Qh7 42. Rg5+ Kh8 43. Rh6 Ng6 44. Rxh7+ Kxh7 45. Qc7+ Re7 46. Qxe7+ Nxe7 47. a5 Bb5 48. Kg2 Nc6 49. b4 Ne7 50. Kh3 Bc4 51. Rc5 Be6+ 52. g4 Nc6 53. f4 1-0

[Event "Hawaii op"]
[Site "Honolulu"]
[Date "1997.??.??"]
[Round "3"]
[White "Shaked, Tal"]
[Black "Frenklakh, Jennie"]
[Result "1-0"]
[WhiteElo "2445"]
[BlackElo "2120"]
[PlyCount "105"]
[EventDate "1997.04.??"]
[EventType "swiss"]
[EventRounds "11"]
[EventCountry "USA"]
[SourceTitle "EXT 1998"]
[Source "ChessBase"]
[SourceDate "1997.11.17"]
[SourceVersion "1"]
[SourceVersionDate "1997.11.17"]
[SourceQuality "1"]

1. e4 c6 2. d4 d5 3. e5 Bf5 4. Nf3 e6 5. Be2 c5 6. Be3 Nd7 7. 0-0 Ne7 8. c4 dxc4 9. Na3 Nd5 10. Nxc4 Nxe3 11. Nxe3 Be4 12. d5 exd5 13. Nxd5 Be7 14. Re1 0-0 15. Bb5 Bf5 16. e6 Bxe6 17. Rxe6 fxe6 18. Nxe7+ Qxe7 19. Qxd7 Qxd7 20. Bxd7 Rf6 21. Re1 h6 22. Bxe6+ Kf8 23. Bc4 Rd8 24. a4 Rfd6 25. Kf1 g5 26. b3 Re8 27. Ne5 Kg7 28. Nd3 Rxe1+ 29. Kxe1 b6 30. f3 Kf6 31. Kf2 Rd7 32. Kg3 Kf5 33. h4 Rd4 34. hxg5 hxg5 35. Kh3 Rh4+ 36. Kg3 Rd4 37. Kf2 Rd8 38. g4+ Kf6 39. Kg3 Rd4 40. Nf2 Rd8 41. Ne4+ Kg6 42. Be6 Rd4 43. Kf2 Rd8 44. Ke3 Rd4 45. Bf5+ Kh6 46. Nc3 Rd8 47. Nb5 Re8+ 48. Kd3 Re7 49. Nc3 Kg7 50. Ne4 Kh6 51. Kc4 Rc7 52. Kd5 Re7 53. Be6 1-0

[Event "San Francisco Universe op-A"]
[Site "San Francisco"]
[Date "1997.??.??"]
[Round "?"]
[White "Shipman, Walter"]
[Black "Frenklakh, Jennie"]
[Result "1-0"]
[WhiteElo "2350"]
[BlackElo "2105"]
[PlyCount "103"]
[EventDate "1997.07.21"]
[EventType "swiss"]
[EventRounds "6"]
[EventCountry "USA"]
[SourceTitle "EXT 2024"]
[Source "ChessBase"]
[SourceDate "2023.10.10"]
[SourceVersion "1"]
[SourceVersionDate "2023.10.10"]
[SourceQuality "1"]

1. d4 d5 2. c4 e6 3. Nf3 Nf6 4. g3 c6 5. Qc2 Be7 6. Bg2 0-0 7. 0-0 Nbd7 8. Nbd2 Re8 9. b3 b6 10. e4 dxe4 11. Nxe4 Bb7 12. Rd1 Qc8 13. Nc3 a6 14. Bf4 Nh5 15. Be3 Qc7 16. Ng5 g6 17. Bf3 Nhf6 18. Nge4 Nxe4 19. Bxe4 Rad8 20. Bg2 Nf6 21. Bf4 Bd6 22. Bxd6 Rxd6 23. c5 bxc5 24. dxc5 Rxd1+ 25. Rxd1 Nd5 26. Ne4 Qe7 27. Qb2 Rd8 28. b4 f6 29. Nd6 Rd7 30. a3 Rd8 31. Bxd5 exd5 32. Nxb7 Qxb7 33. Qxf6 Re8 34. h4 Qd7 35. h5 Re6 36. Qf4 Qe7 37. hxg6 hxg6 38. Kg2 Re2 39. Rd4 Kg7 40. Rd3 Re1 41. Re3 Rxe3 42. fxe3 Qe6 43. g4 Qe7 44. Kg3 Qe6 45. Kf3 Qe7 46. e4 dxe4+ 47. Qxe4 Qf6+ 48. Qf4 Qc3+ 49. Qe3 Qf6+ 50. Kg3 g5 51. Qf3 Qe5+ 52. Kh3 1-0

[Event "Hawaii op"]
[Site "Honolulu"]
[Date "1996.??.??"]
[Round "4"]
[White "Frenklakh, Jennie"]
[Black "Kleinhenz, Hans Georg"]
[Result "1-0"]
[WhiteElo "2150"]
[BlackElo "2030"]
[PlyCount "77"]
[EventDate "1996.??.??"]
[EventType "swiss"]
[EventRounds "10"]
[EventCountry "USA"]
[SourceTitle "EXT 2001"]
[Source "ChessBase"]
[SourceDate "2000.11.22"]
[SourceVersion "1"]
[SourceVersionDate "2000.11.22"]
[SourceQuality "1"]

1. d4 d5 2. Nf3 Nc6 3. Bf4 Bg4 4. e3 e6 5. Be2 Bd6 6. Bxd6 Qxd6 7. 0-0 Nf6 8. c4 dxc4 9. Na3 c3 10. Nb5 Qe7 11. Nxc3 0-0 12. Ne5 Bxe2 13. Nxc6 Qe8 14. Qxe2 Qxc6 15. Rac1 Qd7 16. Nb5 c6 17. Na3 Qe7 18. Qc2 e5 19. dxe5 Qxe5 20. Nc4 Qe4 21. Qxe4 Nxe4 22. Rfd1 Rfd8 23. f3 Nf6 24. Na5 Rxd1+ 25. Rxd1 Kf8 26. Nxb7 Ke7 27. b3 Nd5 28. e4 Nc3 29. Rd2 a5 30. Rc2 Nb5 31. Rxc6 Ra7 32. Nc5 Nc3 33. a4 Ra8 34. Kf2 Na2 35. Rb6 Nb4 36. Nb7 Ra7 37. Nxa5 Nd3+ 38. Ke3 Nc5 39. Nc6+ 1-0

[Event "World op 24th"]
[Site "Philadelphia"]
[Date "1996.??.??"]
[Round "?"]
[White "Frenklakh, Jennie"]
[Black "Popovych, Orest"]
[Result "1-0"]
[WhiteElo "2150"]
[BlackElo "2290"]
[PlyCount "53"]
[EventDate "1996.06.29"]
[EventType "swiss"]
[EventRounds "9"]
[EventCountry "USA"]
[SourceTitle "EXT 2001"]
[Source "ChessBase"]
[SourceDate "2000.11.22"]
[SourceVersion "1"]
[SourceVersionDate "2000.11.22"]
[SourceQuality "1"]

1. d4 Nf6 2. Nf3 g6 3. Bf4 Bg7 4. e3 d6 5. Be2 0-0 6. c4 Nbd7 7. Nc3 Nh5 8. Bg5 h6 9. Bh4 g5 10. Bg3 Nxg3 11. hxg3 e6 12. Qc2 f5 13. 0-0-0 Nf6 14. Nh2 c6 15. g4 d5 16. f4 Nxg4 17. Bxg4 fxg4 18. Nxg4 e5 19. Nxh6+ Bxh6 20. Rxh6 Bf5 21. Qe2 exf4 22. Qh5 Qe7 23. e4 dxe4 24. Rh1 Rae8 25. g4 fxg3 26. Rh8+ Kg7 27. Rh7+ 1-0